Le top 5 de la ligue 1 par saison - Statistiques

Statistiques générales
  • Ce quiz a été pris 544 fois
  • Le résultat moyen est 15 sur 18
Statistiques - réponses
Saison 5EME % Correct
2017-2018 LOSC Lille
100%
2016-2017 Olympique de Marseille
100%
2019-2020 Olympique Lyonnais
100%
2018-2019 Paris Saint-Germain
100%
2014-2015 AS Monaco
98%
2023-2024 Girondins de Bordeaux
96%
2008-2009 OGC Nice
96%
2021-2022 RC Lens
96%
2012-2013 Stade Rennais
95%
2010-2011 Montpellier-Hérault SC
93%
2006-2007 Stade Brestois
93%
2022-2023 FC Nantes
92%
2009-2010 AS Saint-Etienne
91%
2011-2012 Toulouse FC
84%
2015-2016 AJ Auxerre
73%
2013-2014 FC Sochaux
57%
2005-2006 AS Nancy Lorraine
52%
2020-2021 CS Sedan
29%
Aucun quiz correspondant
Distribution des résultats
% des personnes avec chaque résultat
Percentile par nombre de réponses
Votre historique - résultats
Vous n’avez pas pris ce quiz